Programa de trabajo, 1973

Uloženo v:
Podrobná bibliografie
Korporativní autor: Patronato Nacional de la Infancia. Departamento de Servicio Social (Costa Rica)
Médium: Text
Vydáno: San José: PANI
Tagy: Přidat tag
Žádné tagy, Buďte první, kdo vytvoří štítek k tomuto záznamu!

MARC

LEADER 00000 a a2200000 04500
001 15853
003
040 |a CRAI/IIS  |c CRAI/IIS 
090 |a 015800  
110 |a Patronato Nacional de la Infancia. Departamento de Servicio Social (Costa Rica)  
245 |a Programa de trabajo, 1973  
260 |a San José:   |b PANI  
300 |a 68 p.  
999 |c 16268  |d 16268